| 000 | 01010nam a2200289Ia 4500 | ||
|---|---|---|---|
| 001 | Para_848 | ||
| 003 | CHAP | ||
| 008 | 220125s1994 xx 000 0 und d | ||
| 010 | _a198860 | ||
| 040 | _cCHAP | ||
| 090 | _aPA TESIS 819 | ||
| 100 |
_aGarza Urbina, Enrique _9164172 |
||
| 245 |
_aMecanismos de resistencia a insecticidas en mosquita blanca Bemisia tabaci (Genn.) (Homoptera : _b Aleyrodidae) procedente de la planicie huasteca de San Luis Potosi / _c por Enrique Garza Urbina |
||
| 260 |
_aMontecillo, Méx. : _b El autor |
||
| 300 | _a115 h. | ||
| 502 | _aTesis (M.C. Esp. en Entomología) CP Centro de Entomología y Acarología | ||
| 650 |
_aBemisia tabaci _911496 |
||
| 650 |
_aInsectos _x resistencia a insecticidas _958941 |
||
| 710 |
_aCP Centro de Entomología y Acarología _9164012 |
||
| 901 | _aPA TESIS 819 | ||
| 902 | _aA | ||
| 905 | _a0000001994 0000000000 00 | ||
| 910 | _a1994 | ||
| 942 | _cPARA | ||
| 942 |
_cPARA _d1 |
||
| 999 |
_c198860 _d198860 |
||